00415nam a2200133 a 4500008004100000020001800041050001700059100001900076245008400095260004900179300002100228650001800249650001400267130823s2012 ||||||||||||||||| || u a9781906716325 aGB 401.5 Har aHarvey, Adrian10aIntroducing geomorphology: a guide to landforms and processescby Adrian Harvey aEdinburgh:bDunedin Academic Press Ltdc2012 axii, 124p.: ill. 0aGEOMORPHOLOGY 0aLANDFORMS